<?xml version="1.0" encoding="UTF-8" ?>
<collection xmlns="http://www.loc.gov/MARC21/slim"><record><leader>01048nam a2200277 c 4500</leader><controlfield tag="001">18782</controlfield><controlfield tag="003">CH-000273-5</controlfield><controlfield tag="005">20170425163930.0</controlfield><datafield tag="035" ind1=" " ind2=" "><subfield code="a">(OCoLC)885295658</subfield></datafield><datafield tag="040" ind1=" " ind2=" "><subfield code="a">CH-000273-5</subfield><subfield code="b">ger</subfield><subfield code="e">rda</subfield></datafield><datafield tag="041" ind1=" " ind2=" "><subfield code="a">ger</subfield></datafield><datafield tag="100" ind1="1" ind2="0"><subfield code="0">(DE-588)118506234</subfield><subfield code="a">Ball, Hugo</subfield><subfield code="d">1886-1927</subfield><subfield code="e">Verfasser</subfield><subfield code="4">aut</subfield></datafield><datafield tag="245" ind1="0" ind2="4"><subfield code="a">Die Flucht aus der Zeit</subfield><subfield code="c">von Hugo Ball</subfield></datafield><datafield tag="264" ind1="0" ind2="1"><subfield code="a">München</subfield><subfield code="b">Verlag von Duncker &amp; Humblot</subfield><subfield code="c">1927</subfield></datafield><datafield tag="300" ind1=" " ind2=" "><subfield code="a">330 Seiten</subfield><subfield code="c">23,5 x 16 cm</subfield></datafield><datafield tag="336" ind1=" " ind2=" "><subfield code="a">Text</subfield><subfield code="b">txt</subfield><subfield code="2">rdacontent</subfield></datafield><datafield tag="337" ind1=" " ind2=" "><subfield code="a">ohne Hilfsmittel zu benutzen</subfield><subfield code="b">n</subfield><subfield code="2">rdamedia</subfield></datafield><datafield tag="338" ind1=" " ind2=" "><subfield code="a">Band</subfield><subfield code="b">nc</subfield><subfield code="2">rdacarrier</subfield></datafield><datafield tag="500" ind1=" " ind2=" "><subfield code="a">Schmutztitel: Hugo Ball: Die Flucht aus der Zeit : Fuga saeculi</subfield></datafield><datafield tag="500" ind1=" " ind2=" "><subfield code="a">Einbandgestaltung von Jost</subfield></datafield><datafield tag="510" ind1="4" ind2="0"><subfield code="a">Dada in Zürich, 1985</subfield><subfield code="c">S. 187, Nr. 72</subfield></datafield><datafield tag="600" ind1="1" ind2="7"><subfield code="a">Ball, Hugo</subfield><subfield code="d">1886-1927</subfield><subfield code="2">gnd</subfield></datafield><datafield tag="610" ind1="2" ind2="7"><subfield code="a">Kunsthaus Zürich</subfield><subfield code="x">Dadaismus</subfield><subfield code="x">Sammlung</subfield><subfield code="2">gnd</subfield></datafield><datafield tag="767" ind1=" " ind2=" "><subfield code="a">Ball, Hugo</subfield><subfield code="t">De vlucht uit de tijd</subfield><subfield code="w">(CH-000273-5)183603</subfield></datafield><datafield tag="852" ind1="4" ind2="0"><subfield code="a">CH-000273-5</subfield><subfield code="c">DADA I:4</subfield></datafield><datafield tag="856" ind1="4" ind2="1"><subfield code="u">https://digital.kunsthaus.ch:443/viewer/image/18782/1/</subfield><subfield code="y">Kunsthaus Zürich Sammlungen online</subfield></datafield></record></collection>